[Event "Paris-ch IdF"]
[Site "Paris"]
[Date "2022.07.14"]
[Round "3"]
[White "Onkoud, Abdelaziz"]
[Black "Dourerassou, Jonathan"]
[Result "1/2-1/2"]
[WhiteElo "2289"]
[BlackElo "2441"]
[PlyCount "71"]
[EventDate "2022.07.12"]
[EventType "swiss"]
[EventRounds "9"]
[EventCountry "FRA"]
[SourceTitle "CBM 209 Extra"]
[Source "ChessBase"]
[SourceDate "2022.09.30"]
[SourceVersion "1"]
[SourceVersionDate "2022.09.30"]
[SourceQuality "1"]

1. c4 e6 2. Nf3 Nf6 3. e3 d5 4. Nc3 Be7 5. b3 0-0 6. Bb2 b6 7. Qc2 c5 8. Bd3 Nc6 9. a3 d4 10. Ne4 h6 11. h3 Bb7 12. g4 Na5 13. Nxf6+ Bxf6 14. e4 Qd6 15. Rg1 Qf4 16. Rg3 Rfd8 17. 0-0-0 b5 18. h4 bxc4 19. bxc4 Bxe4 20. g5 Bxf3 21. gxf6 Qxf6 22. Rdg1 Rab8 23. Rxg7+ Qxg7 24. Rxg7+ Kxg7 25. Qa4 Nb3+ 26. Kc2 Rb7 27. Qa6 Rdd7 28. Kb1 Nxd2+ 29. Ka2 Ne4 30. Bxe4 Bxe4 31. Qa5 Kh7 32. Qxc5 Rxb2+ 33. Kxb2 d3 34. Qc8 Rd4 35. Qc5 Rd7 36. Qc8 1/2-1/2

[Event "Online Olym Div Top-C"]
[Site "Chess.com INT"]
[Date "2020.08.21"]
[Round "3.2"]
[White "Adly, Ahmed"]
[Black "Onkoud, Abdelaziz"]
[Result "1-0"]
[WhiteElo "2615"]
[BlackElo "2314"]
[PlyCount "95"]
[EventDate "2020.08.21"]
[EventType "team-tourn (rapid)"]
[EventRounds "9"]
[EventCountry "USA"]
[SourceTitle "CBM 198"]
[Source "ChessBase"]
[SourceDate "2020.10.31"]
[SourceVersion "1"]
[SourceVersionDate "2020.10.31"]
[SourceQuality "1"]
[WhiteTeam "Egypt"]
[BlackTeam "Morocco"]
[WhiteTeamCountry "EGY"]
[BlackTeamCountry "MAR"]

1. Nf3 d6 2. d4 Bg4 3. e4 e6 4. h3 Bh5 5. Nc3 c6 6. d5 exd5 7. exd5 Nf6 8. Be2 Be7 9. 0-0 0-0 10. Nd4 Bxe2 11. Qxe2 Re8 12. Qf3 c5 13. Nf5 Bf8 14. Bg5 Nbd7 15. Qg3 Ne5 16. Nh6+ Kh8 17. Qxe5 Rxe5 18. Nxf7+ Kg8 19. Nxd8 Rxd8 20. f4 Re3 21. Bxf6 gxf6 22. Rae1 Rxe1 23. Rxe1 Kf7 24. Re6 f5 25. Nd1 Bg7 26. c3 b5 27. Ne3 b4 28. Nxf5 bxc3 29. bxc3 Bxc3 30. Kf1 Rb8 31. Nxd6+ Kf8 32. Ne4 Bd4 33. d6 c4 34. d7 c3 35. Rc6 Rd8 36. Nxc3 Rxd7 37. Ke2 Kg7 38. Ne4 Bb6 39. Rd6 Rc7 40. Kf3 Rc2 41. Rd2 Rc1 42. Kg4 Rc4 43. Rd7+ Kg6 44. Rd6+ Kg7 45. Kf5 Ra4 46. Rd7+ Kh6 47. g4 Ra5+ 48. Kf6 1-0

[Event "Boudiba Memorial"]
[Site "chess24.com INT"]
[Date "2020.06.14"]
[Round "6"]
[White "Aflalo, Sophie"]
[Black "Onkoud, Abdelaziz"]
[Result "0-1"]
[WhiteElo "2156"]
[BlackElo "2314"]
[PlyCount "66"]
[EventDate "2020.06.14"]
[EventType "tourn (blitz)"]
[EventRounds "15"]
[EventCountry "ALG"]
[EventCategory "5"]
[SourceTitle "CBM 196 Extra"]
[Source "ChessBase"]
[SourceDate "2020.07.31"]
[SourceVersion "1"]
[SourceVersionDate "2020.07.31"]
[SourceQuality "1"]

1. e4 d6 2. d4 Nf6 3. Bd3 e5 4. c3 Nc6 5. Ne2 d5 6. exd5 Nxd5 7. 0-0 exd4 8. cxd4 Be7 9. Nbc3 Be6 10. Kh1 0-0 11. f4 f5 12. a3 Qd7 13. Qe1 Bf6 14. Qf2 Rad8 15. Bc4 Nb6 16. Bxe6+ Qxe6 17. Nb5 Qd7 18. Be3 Rfe8 19. Rfd1 Na5 20. d5 Qxb5 21. Rac1 Nac4 22. Bd4 Qxd5 23. Bxf6 Qxd1+ 24. Rxd1 Rxd1+ 25. Ng1 gxf6 26. Qg3+ Kh8 27. Qh4 Nd5 28. Qh6 Kg8 29. h3 Ree1 30. Kh2 Rxg1 31. Qh5 Nce3 32. Qe8+ Kg7 33. Qd7+ Kh6 0-1

[Event "Boudiba Memorial"]
[Site "chess24.com INT"]
[Date "2020.06.14"]
[Round "8"]
[White "Bellahcene, Bilel"]
[Black "Onkoud, Abdelaziz"]
[Result "1-0"]
[WhiteElo "2501"]
[BlackElo "2314"]
[PlyCount "65"]
[EventDate "2020.06.14"]
[EventType "tourn (blitz)"]
[EventRounds "15"]
[EventCountry "ALG"]
[EventCategory "5"]
[SourceTitle "CBM 196 Extra"]
[Source "ChessBase"]
[SourceDate "2020.07.31"]
[SourceVersion "1"]
[SourceVersionDate "2020.07.31"]
[SourceQuality "1"]

1. Nh3 b6 2. e4 Bb7 3. d3 e6 4. Be2 d5 5. Nd2 dxe4 6. dxe4 Nf6 7. f3 Be7 8. Nb3 Qxd1+ 9. Bxd1 0-0 10. Be3 c5 11. Nf2 Nc6 12. Be2 Rfd8 13. c3 a5 14. a4 Nd7 15. Nd2 Nde5 16. f4 Ng6 17. Nc4 Ra6 18. 0-0 Nb8 19. Rfd1 Kf8 20. g3 Nd7 21. h4 Raa8 22. h5 Nh8 23. Rxd7 Rxd7 24. Nxb6 Rad8 25. Nxd7+ Rxd7 26. Bb5 Rd8 27. Kf1 f5 28. e5 Nf7 29. Rd1 Rxd1+ 30. Nxd1 Nh6 31. Nf2 Nf7 32. Nd3 Bf3 33. Nxc5 1-0

[Event "Boudiba Memorial"]
[Site "chess24.com INT"]
[Date "2020.06.14"]
[Round "7"]
[White "Onkoud, Abdelaziz"]
[Black "Choukri, Adel"]
[Result "0-1"]
[WhiteElo "2314"]
[BlackElo "2311"]
[PlyCount "62"]
[EventDate "2020.06.14"]
[EventType "tourn (blitz)"]
[EventRounds "15"]
[EventCountry "ALG"]
[EventCategory "5"]
[SourceTitle "CBM 196 Extra"]
[Source "ChessBase"]
[SourceDate "2020.07.31"]
[SourceVersion "1"]
[SourceVersionDate "2020.07.31"]
[SourceQuality "1"]

1. d4 d5 2. Bf4 c5 3. e4 dxe4 4. d5 a6 5. Nc3 Nf6 6. f3 e3 7. Bxe3 e6 8. dxe6 Qxd1+ 9. Rxd1 Bxe6 10. Nge2 Bf5 11. Rd2 Nbd7 12. g4 Bg6 13. Nf4 0-0-0 14. Kf2 Be7 15. Ncd5 Nxd5 16. Nxd5 Bh4+ 17. Kg2 f5 18. gxf5 Bxf5 19. Bf4 Rhf8 20. Bd3 Be6 21. Bg3 Bxg3 22. Ne7+ Kc7 23. hxg3 Rde8 24. Re2 Rxe7 25. Rhe1 Rfe8 26. Bxh7 Bh3+ 27. Kf2 Rxe2+ 28. Rxe2 Rxe2+ 29. Kxe2 Be6 30. a3 Nf6 31. Bd3 c4 0-1

[Event "Boudiba Memorial"]
[Site "chess24.com INT"]
[Date "2020.06.14"]
[Round "2"]
[White "Onkoud, Abdelaziz"]
[Black "Cohen Revivo, Shoham"]
[Result "0-1"]
[WhiteElo "2314"]
[BlackElo "2221"]
[PlyCount "124"]
[EventDate "2020.06.14"]
[EventType "tourn (blitz)"]
[EventRounds "15"]
[EventCountry "ALG"]
[EventCategory "5"]
[SourceTitle "CBM 196 Extra"]
[Source "ChessBase"]
[SourceDate "2020.07.31"]
[SourceVersion "1"]
[SourceVersionDate "2020.07.31"]
[SourceQuality "1"]

1. d4 Nf6 2. Nf3 c5 3. e3 d5 4. c4 cxd4 5. exd4 Nc6 6. Nc3 Bg4 7. cxd5 Nxd5 8. Qb3 Nxc3 9. bxc3 Qc7 10. Be2 e6 11. h3 Bf5 12. Bf4 Bd6 13. Bxd6 Qxd6 14. 0-0 b6 15. Rfd1 0-0 16. c4 Na5 17. Qc3 Rac8 18. c5 Qd5 19. Qb4 Nc6 20. Qb3 Be4 21. cxb6 Qxb3 22. axb3 axb6 23. Ra6 Rb8 24. Ne5 Nxe5 25. dxe5 Bd5 26. b4 Rfc8 27. Bf3 Bxf3 28. gxf3 g5 29. Rd6 b5 30. Rdb6 Kg7 31. Kg2 Kg6 32. Rxb8 Rxb8 33. Ra7 Rb6 34. Kg3 h5 35. h4 gxh4+ 36. Kxh4 Rc6 37. Rb7 Rc4+ 38. Kg3 Rxb4 39. f4 Rb3+ 40. f3 b4 41. Rb8 Rb2 42. Rg8+ Kh7 43. Rf8 Kg7 44. Rb8 b3 45. f5 exf5 46. Kf4 h4 47. Rb7 Kf8 48. Rb8+ Ke7 49. Rb7+ Ke6 50. Rb6+ Kd5 51. Rb7 Ke6 52. Rb6+ Ke7 53. Rb7+ Kf8 54. Rb8+ Kg7 55. Rb7 Kg6 56. Rb6+ Kh5 57. Rf6 h3 58. Rxf7 h2 59. e6 Kg6 60. Rf8 h1Q 61. e7 Qh2+ 62. Ke3 Re2+ 0-1

[Event "Boudiba Memorial"]
[Site "chess24.com INT"]
[Date "2020.06.14"]
[Round "13"]
[White "Onkoud, Abdelaziz"]
[Black "Msellek, Ilyass"]
[Result "0-1"]
[WhiteElo "2314"]
[BlackElo "2316"]
[PlyCount "102"]
[EventDate "2020.06.14"]
[EventType "tourn (blitz)"]
[EventRounds "15"]
[EventCountry "ALG"]
[EventCategory "5"]
[SourceTitle "CBM 196 Extra"]
[Source "ChessBase"]
[SourceDate "2020.07.31"]
[SourceVersion "1"]
[SourceVersionDate "2020.07.31"]
[SourceQuality "1"]

1. d4 Nf6 2. Nf3 d6 3. Nbd2 Bf5 4. Nh4 Bd7 5. e4 e5 6. dxe5 dxe5 7. Nf5 Bxf5 8. exf5 Bc5 9. Bc4 Qd4 10. Qe2 0-0 11. 0-0 e4 12. Nb3 Qe5 13. Nxc5 Qxc5 14. g4 Nc6 15. Be3 Qe5 16. c3 h6 17. Rad1 Rad8 18. f4 exf3 19. Qxf3 Rxd1 20. Rxd1 Nxg4 21. Bf4 Qc5+ 22. Kg2 Nge5 23. Bxe5 Nxe5 24. Rd5 Qxc4 25. Rxe5 Qxa2 26. f6 g6 27. Re2 Qb3 28. Qf4 Kh7 29. Qxc7 Qd5+ 30. Kg1 Qg5+ 31. Kf1 Qxf6+ 32. Rf2 Qa6+ 33. Kg2 Qc6+ 34. Qxc6 bxc6 35. Rf6 c5 36. Ra6 Rb8 37. Ra2 g5 38. Kf3 Kg6 39. Ke4 f5+ 40. Kd5 f4 41. Kxc5 g4 42. b4 Kf5 43. Rxa7 f3 44. b5 h5 45. b6 h4 46. Kd4 Rxb6 47. Ke3 Re6+ 48. Kd3 Rd6+ 49. Ke3 Re6+ 50. Kd3 g3 51. hxg3 hxg3 0-1

[Event "Boudiba Memorial"]
[Site "chess24.com INT"]
[Date "2020.06.14"]
[Round "9"]
[White "Onkoud, Abdelaziz"]
[Black "Shirazi, Kamran"]
[Result "0-1"]
[WhiteElo "2314"]
[BlackElo "2355"]
[PlyCount "66"]
[EventDate "2020.06.14"]
[EventType "tourn (blitz)"]
[EventRounds "15"]
[EventCountry "ALG"]
[EventCategory "5"]
[SourceTitle "CBM 196 Extra"]
[Source "ChessBase"]
[SourceDate "2020.07.31"]
[SourceVersion "1"]
[SourceVersionDate "2020.07.31"]
[SourceQuality "1"]

1. d4 c5 2. e3 Nf6 3. Nf3 b6 4. c4 e6 5. Nc3 cxd4 6. exd4 Bb7 7. a3 Be7 8. Bd3 0-0 9. 0-0 d5 10. Re1 dxc4 11. Bxc4 Nc6 12. Bg5 Rc8 13. Ba2 Nd5 14. Bd2 Bf6 15. Nxd5 exd5 16. Be3 Na5 17. Rc1 Nc4 18. Rc2 Re8 19. Bb1 g6 20. Qc1 Qd6 21. Bf4 Rxe1+ 22. Nxe1 Qe6 23. Nf3 Re8 24. h3 h5 25. b3 Nd6 26. Rc7 Ba6 27. Rxa7 Be2 28. Ne5 Nb5 29. Rb7 Nxd4 30. Nxf7 Ba6 31. Nh6+ Kf8 32. Rf7+ Qxf7 33. Bd6+ Kg7 0-1

[Event "Juvisy sur Orge 3rd"]
[Site "Juvisy sur Orge"]
[Date "2019.07.05"]
[Round "7"]
[White "Nguyen, Vincent1111"]
[Black "Onkoud, Abdelaziz"]
[Result "1-0"]
[WhiteElo "2131"]
[BlackElo "2328"]
[PlyCount "77"]
[EventDate "2019.06.29"]
[EventType "tourn"]
[EventRounds "9"]
[EventCountry "FRA"]
[EventCategory "3"]
[SourceTitle "EXT 2020"]
[Source "ChessBase"]
[SourceDate "2019.10.17"]
[SourceVersion "1"]
[SourceVersionDate "2019.10.17"]
[SourceQuality "1"]

1. e4 d6 2. d4 g6 3. Nc3 Bg7 4. Be3 a6 5. a4 e6 6. g3 Ne7 7. Bg2 Nd7 8. Nge2 b6 9. Qd2 h6 10. 0-0 Bb7 11. Rad1 c6 12. f4 f5 13. d5 exd5 14. Bd4 Nf6 15. e5 dxe5 16. fxe5 Ne4 17. Nxe4 dxe4 18. Nf4 Bc8 19. Qf2 Rb8 20. Bc5 Qc7 21. Bd6 Qb7 22. Bxe4 0-0 23. Bg2 Kh7 24. Rfe1 Ra8 25. b4 b5 26. a5 g5 27. Nd3 f4 28. Nc5 Qa7 29. e6 f3 30. Bxf3 Kg8 31. g4 Rf6 32. Be5 Rf8 33. Bxg7 Kxg7 34. Qd4+ Kg8 35. Be4 Qc7 36. Rf1 Rf4 37. Rxf4 Qxf4 38. Qd8+ Qf8 39. Qc7 1-0

[Event "Juvisy sur Orge 3rd"]
[Site "Juvisy sur Orge"]
[Date "2019.07.03"]
[Round "5"]
[White "Harutyunyan, Ruben"]
[Black "Onkoud, Abdelaziz"]
[Result "1-0"]
[WhiteElo "2316"]
[BlackElo "2328"]
[PlyCount "33"]
[EventDate "2019.06.29"]
[EventType "tourn"]
[EventRounds "9"]
[EventCountry "FRA"]
[EventCategory "3"]
[SourceTitle "EXT 2020"]
[Source "ChessBase"]
[SourceDate "2019.10.17"]
[SourceVersion "1"]
[SourceVersionDate "2019.10.17"]
[SourceQuality "1"]

1. e4 d6 2. d4 Nf6 3. Nc3 c6 4. f4 Qa5 5. Bd3 e5 6. Nf3 exd4 7. Nxd4 g6 8. 0-0 Bg7 9. Kh1 0-0 10. f5 Nbd7 11. Qe1 Re8 12. Qh4 d5 13. fxg6 hxg6 14. Bh6 dxe4 15. Nf5 Bh8 16. Nxe4 Re5 17. Bd2 1-0

[Event "Juvisy sur Orge 3rd"]
[Site "Juvisy sur Orge"]
[Date "2019.06.30"]
[Round "2"]
[White "Onkoud, Abdelaziz"]
[Black "Belkhodja, Slim"]
[Result "1/2-1/2"]
[WhiteElo "2328"]
[BlackElo "2416"]
[PlyCount "27"]
[EventDate "2019.06.29"]
[EventType "tourn"]
[EventRounds "9"]
[EventCountry "FRA"]
[EventCategory "3"]
[SourceTitle "EXT 2020"]
[Source "ChessBase"]
[SourceDate "2019.10.17"]
[SourceVersion "1"]
[SourceVersionDate "2019.10.17"]
[SourceQuality "1"]

1. d4 d6 2. c4 e5 3. Nc3 exd4 4. Qxd4 Nc6 5. Qd2 Nf6 6. b3 Be6 7. e4 a5 8. Bd3 a4 9. Rb1 axb3 10. axb3 g6 11. Nge2 Bg7 12. 0-0 0-0 13. Bb2 Re8 14. Nd5 1/2-1/2

[Event "Cergy Val d'Oise"]
[Site "Cergy Pontoise"]
[Date "2019.05.03"]
[Round "6"]
[White "Onkoud, Abdelaziz"]
[Black "Sabuk, Piotr"]
[Result "1-0"]
[WhiteElo "2304"]
[BlackElo "2374"]
[PlyCount "127"]
[EventDate "2019.04.30"]
[EventType "tourn"]
[EventRounds "9"]
[EventCountry "FRA"]
[EventCategory "5"]
[SourceTitle "CBM 190 Extra"]
[Source "ChessBase"]
[SourceDate "2019.07.15"]
[SourceVersion "1"]
[SourceVersionDate "2019.07.15"]
[SourceQuality "1"]

1. d4 d5 2. Bf4 c5 3. e4 Nc6 4. exd5 Qxd5 5. Nc3 Qe6+ 6. Nge2 Nxd4 7. Qd2 g5 8. 0-0-0 Bg7 9. Nxd4 cxd4 10. Bb5+ Bd7 11. Rhe1 dxc3 12. Qxd7+ Qxd7 13. Rxd7 cxb2+ 14. Kb1 Bf6 15. Rxb7+ Kf8 16. Be5 e6 17. Kxb2 a6 18. Bd3 Kg7 19. Bxf6+ Kxf6 20. Re4 Ne7 21. Ra4 a5 22. Rb5 Nc6 23. Be4 Ra6 24. c4 Rd8 25. Kc3 Nd4 26. Rb2 e5 27. Bxh7 Ke6 28. Be4 Kd6 29. c5+ Kxc5 30. Rc4+ Kd6 31. Bb7 Ra7 32. Rb6+ Ke7 33. Rc7+ Kf8 34. Kc4 Ne6 35. Rcc6 Rd1 36. Rc8+ Kg7 37. Kb5 Rb1+ 38. Kc6 Rc1+ 39. Kd7 Nc5+ 40. Ke8 Rc3 41. Rc7 Kg8 42. Rbc6 Ne4 43. Rxc3 Nxc3 44. Kd7 Kg7 45. Kc6 Nxa2 46. Kb6 Rxb7+ 47. Rxb7 a4 48. Ka5 Nc1 49. Kxa4 Nd3 50. Rb5 Kf6 51. f3 Kf5 52. Rd5 Ne1 53. Rd2 Kf4 54. Re2 Nxf3 55. gxf3 Kxf3 56. Rxe5 Kg4 57. Kb4 f6 58. Re3 f5 59. Rg3+ Kh4 60. Kc3 g4 61. Kd3 f4 62. Rg1 Kh3 63. Ke4 f3 64. Ke3 1-0

[Event "Cergy Val d'Oise"]
[Site "Cergy Pontoise"]
[Date "2019.05.03"]
[Round "7"]
[White "Travadon, Loic"]
[Black "Onkoud, Abdelaziz"]
[Result "1/2-1/2"]
[WhiteElo "2456"]
[BlackElo "2304"]
[PlyCount "164"]
[EventDate "2019.04.30"]
[EventType "tourn"]
[EventRounds "9"]
[EventCountry "FRA"]
[EventCategory "5"]
[SourceTitle "CBM 190 Extra"]
[Source "ChessBase"]
[SourceDate "2019.07.15"]
[SourceVersion "1"]
[SourceVersionDate "2019.07.15"]
[SourceQuality "1"]

1. Nf3 d6 2. g3 f5 3. d4 Nf6 4. Bg2 g6 5. 0-0 Bg7 6. b3 0-0 7. Bb2 Ne4 8. Nfd2 Nxd2 9. Qxd2 c5 10. c4 Nc6 11. Bxc6 bxc6 12. dxc5 dxc5 13. Qxd8 Rxd8 14. Bxg7 Kxg7 15. Nc3 Be6 16. Rfd1 Rd6 17. Kf1 Rad8 18. Ke1 h5 19. Na4 h4 20. Nxc5 Bc8 21. Rxd6 exd6 22. Rd1 hxg3 23. hxg3 Kf6 24. Nd3 a5 25. Kd2 Be6 26. Kc3 Bf7 27. Rh1 c5 28. Rd1 Rh8 29. Nf4 Ke7 30. e4 Rh2 31. exf5 gxf5 32. Rd2 Rh1 33. Kb2 Kd7 34. Ka3 Rh8 35. Nd5 Bxd5 36. Rxd5 Rf8 37. f4 Kc6 38. Ka4 Rf7 39. Rd3 Re7 40. Rd5 Rf7 41. Rd2 Rg7 42. Rh2 Kd7 43. Rh5 Rxg3 44. Rxf5 Rg2 45. a3 Rg8 46. Rf7+ Kc6 47. f5 Rg3 48. Rf8 Rf3 49. f6 Kd7 50. f7 Ke6 51. Re8+ Kxf7 52. Rb8 Ke6 53. Kxa5 d5 54. cxd5+ Kxd5 55. a4 Kc6 56. Ka6 Kc7 57. Rb7+ Kc6 58. Rb6+ Kc7 59. a5 Rc3 60. Ka7 Rc1 61. a6 Ra1 62. Rb7+ Kc6 63. Rb8 Kc7 64. Rh8 Ra3 65. Rh3 Kc6 66. Rg3 Kc7 67. Rf3 Kc6 68. Rf6+ Kc7 69. Rb6 Ra1 70. Rg6 Ra3 71. Ka8 Rxb3 72. a7 Rb5 73. Rg7+ Kc8 74. Rg8+ Kc7 75. Rb8 Ra5 76. Rb7+ Kc8 77. Rb6 Kc7 78. Rb1 c4 79. Rb4 Rc5 80. Rb7+ Kc8 81. Rb8+ Kc7 82. Rc8+ Kxc8 1/2-1/2

[Event "Cergy Val d'Oise"]
[Site "Cergy Pontoise"]
[Date "2019.04.30"]
[Round "1"]
[White "Gatineau, Yovann"]
[Black "Onkoud, Abdelaziz"]
[Result "1/2-1/2"]
[WhiteElo "2366"]
[BlackElo "2304"]
[PlyCount "82"]
[EventDate "2019.04.30"]
[EventType "tourn"]
[EventRounds "9"]
[EventCountry "FRA"]
[EventCategory "5"]
[SourceTitle "CBM 190 Extra"]
[Source "ChessBase"]
[SourceDate "2019.07.15"]
[SourceVersion "1"]
[SourceVersionDate "2019.07.15"]
[SourceQuality "1"]

1. d4 d6 2. Nf3 Bg4 3. c4 Bxf3 4. exf3 g6 5. Be3 Bg7 6. Nc3 Nd7 7. Qd2 e6 8. Be2 Ne7 9. g4 h5 10. Bg5 Bf6 11. Be3 Bg7 12. 0-0-0 d5 13. Kb1 c6 14. Bg5 Bf6 15. Bxf6 Nxf6 16. Qf4 Nd7 17. cxd5 exd5 18. Bd3 Qb8 19. Qe3 Qd6 20. Rde1 Kf8 21. f4 hxg4 22. h3 gxh3 23. Rxh3 Rxh3 24. Qxh3 Ng8 25. f5 g5 26. Rg1 Qf4 27. Ne2 Qxf2 28. Rxg5 Re8 29. f6 Qe1+ 30. Nc1 Ndxf6 31. Qh8 Re3 32. Bh7 Qh4 33. Qg7+ Ke7 34. Bxg8 Nxg8 35. Rg4 Qf2 36. Qxg8 Re1 37. Qg5+ Ke6 38. Rg2 Qxd4 39. Qh6+ f6 40. Qh3+ Kd6 41. Qa3+ Ke5 1/2-1/2

[Event "Arab-ch Elite 3rd"]
[Site "Dubai"]
[Date "2015.06.02"]
[Round "8"]
[White "Onkoud, Abdelaziz"]
[Black "Al Sayed, Mohammed"]
[Result "0-1"]
[WhiteElo "2310"]
[BlackElo "2501"]
[PlyCount "62"]
[EventDate "2015.05.27"]
[EventType "swiss"]
[EventRounds "9"]
[EventCountry "UAE"]
[SourceTitle "CBM 166 Extra"]
[Source "ChessBase"]
[SourceDate "2015.06.18"]
[SourceVersion "1"]
[SourceVersionDate "2015.06.18"]
[SourceQuality "1"]

1. Nf3 d5 2. c4 c6 3. b3 Bg4 4. e3 Nd7 5. Bb2 e6 6. h3 Bh5 7. Be2 Ngf6 8. 0-0 Bd6 9. d3 0-0 10. Nc3 Qe7 11. Qc2 Rac8 12. Rad1 b5 13. Nd4 b4 14. Nb1 Bg6 15. Qc1 h6 16. Nd2 e5 17. Nc2 Bb8 18. Rfe1 a5 19. d4 e4 20. a3 c5 21. Qa1 cxd4 22. exd4 Nh5 23. Ne3 Nf4 24. Bf1 Bh5 25. Rc1 Nxh3+ 26. gxh3 Rc6 27. Bg2 Rg6 28. cxd5 Qh4 29. Rc6 Bf3 30. Ndf1 Rxg2+ 31. Nxg2 Qxh3 0-1

[Event "Arab-ch Elite 3rd"]
[Site "Dubai"]
[Date "2015.05.30"]
[Round "5"]
[White "Ayyad, Husain Abdulgalil"]
[Black "Onkoud, Abdelaziz"]
[Result "0-1"]
[WhiteElo "2158"]
[BlackElo "2310"]
[PlyCount "137"]
[EventDate "2015.05.27"]
[EventType "swiss"]
[EventRounds "9"]
[EventCountry "UAE"]
[SourceTitle "CBM 166 Extra"]
[Source "ChessBase"]
[SourceDate "2015.06.18"]
[SourceVersion "1"]
[SourceVersionDate "2015.06.18"]
[SourceQuality "1"]

1. e4 d6 2. d4 Nf6 3. Nc3 c6 4. Bd3 e5 5. Nge2 Qc7 6. h3 b5 7. Bg5 Nbd7 8. 0-0 a6 9. Qd2 Be7 10. Nd1 h6 11. Bxf6 Nxf6 12. a4 Rb8 13. dxe5 dxe5 14. Ng3 0-0 15. Ne3 Rd8 16. Qc3 g6 17. axb5 axb5 18. Be2 Rd4 19. Qa5 Qxa5 20. Rxa5 h5 21. Bd3 Bd8 22. Ra7 Bb6 23. Ra2 Bb7 24. Ne2 Rd7 25. Re1 Ne8 26. Ng3 Nc7 27. Ngf1 Ne6 28. Raa1 Nf4 29. Be2 Rbd8 30. h4 Kg7 31. g3 Nxe2+ 32. Rxe2 Ra8 33. Ree1 Rdd8 34. Rxa8 Rxa8 35. Rd1 Rd8 36. Rxd8 Bxd8 37. f3 Bc8 38. Kf2 f5 39. exf5 gxf5 40. Ng2 Be6 41. f4 Bb6+ 42. Nfe3 e4 43. Ke2 Kf6 44. b4 Ke7 45. Ne1 Kf6 46. Kd2 Ba2 47. N1g2 Ke6 48. c3 Bb3 49. Ke2 c5 50. Kd2 cxb4 51. cxb4 Bd4 52. Nf1 Bg1 53. Ke1 Bc4 54. Nfe3 Bd3 55. Nd1 Bd4 56. Nge3 Bc4 57. Kd2 Bf6 58. Nc3 Be7 59. Nc2 Kf6 60. Nd1 Bb3 61. Nde3 Bxc2 62. Kxc2 Ke6 63. Kb3 Bd8 64. Kc3 Bb6 65. Kd2 Bxe3+ 66. Kxe3 Kd5 67. Ke2 Kd4 68. Kd2 e3+ 69. Ke1 0-1